• 首页
  • 本馆介绍
  • 公告通知
  • 最新文献
  • 馆藏检索
  • 电子资源
  • 读者导购
  • 参考咨询
  • 我的图书馆
  • 登录
  • 详细信息显示
  • 放入我的书架
  • 预约/预借图书
  • 作者相关作品
  • 分类相关作品
  • 丛书相关作品
  • 出版社相关作品

书目信息

  • 表格格式
  • 工作单格式
  • 卡片格式
题名:
"小喇叭"讲科学
    
 
作者: ;中央人民广播电台 编
分册:  
出版信息: 北京   科学普及出版社  1982
页数: 137页
开本: 19cm
丛书名:
单 册:
中图分类: Z228 , I28
科图分类:
主题词: 科学知识--儿童读物 , 儿童文学--中国 , 儿童文学--中国--丛书
电子资源:
ISBN:
000 00702nam0 2200253 450
001 1556347859
005 20150128153949.50
010    @dCNY0.40
091    @a10051.1024
100    @a19950704d1982 am y0chiy0110 ea
101 0  @achi
102    @aCN@b110000
105    @ay z 000yy
200 1  @a"小喇叭"讲科学@9" xiao la ba" jiang ke xue@f中央人民广播电台编
210    @a北京@c科学普及出版社@d1982
215    @a137页@d19cm
606 0  @a科学知识@x儿童读物
606 0  @a儿童文学@x中国
606 0  @a儿童文学@x中国@x丛书
690    @aZ228@v5
690    @aI28@v4
711 02 @a中央人民广播电台@9zhong yang ren min guang bo dian tai@4编
801  0 @aCN@bTSSF@c20150128
905    @aZUCC@dI28@eJY15
    
    "小喇叭"讲科学/中央人民广播电台编.-北京:科学普及出版社,1982
    137页;19cm
    
    
    ISBN :CNY0.40
    
●
相关链接 在E读中查询图书 在五车中查询图书 在当当中查询图书 在豆瓣中查询图书


正题名:"小喇叭"讲科学     索取号:I28/JY15         预约/预借

序号 登录号 条形码 馆藏地/架位号 状态 备注
1 7837137   278371370   学院路分馆/ [索取号:I28/JY15] 在馆    
2 7837138   278371389   学院路分馆/ [索取号:I28/JY15] 在馆    
唐山师范学院图书馆 欢迎您!
大连网信软件有限公司© 版权所有